[Event "Euro Online U2300 Day 1"]
[Site "chess.com INT"]
[Date "2020.05.25"]
[Round "1"]
[White "Borkovec, Milan"]
[Black "Rozgonyi, Aron"]
[Result "1-0"]
[WhiteElo "2219"]
[BlackElo "2117"]
[WhiteFideId "307610"]
[BlackFideId "706159"]
[EventDate "2020.05.25"]

1. e4 e5 2. Nf3 Nc6 3. d4 exd4 4. Bc4 d6 5. Nxd4 Nf6 6. Nc3 Be7 7. O-O O-O 8.
Re1 a6 9. a4 Bg4 10. f3 Bh5 11. b3 Qd7 12. Nf5 Rfe8 13. Nxe7+ Qxe7 14. Bb2 Rad8
15. Qd2 Bg6 16. Rad1 Ne5 17. Bf1 h6 18. Qf2 Nc6 19. Nd5 Qe6 20. Bxf6 gxf6 21.
Nxc7 Qe7 22. Nxe8 Rxe8 23. Bc4 Ne5 24. Bd5 Qc7 25. c4 Kh8 26. h3 Rg8 27. Kh2 f5
28. f4 Nc6 29. Qh4 Kh7 30. exf5 Bxf5 31. Be4 Bg6 32. Rd5 1-0

[Event "Euro Online U2300 Day 1"]
[Site "chess.com INT"]
[Date "2020.05.25"]
[Round "1"]
[White "Subelj, Jan"]
[Black "Stoleriu, George"]
[Result "1-0"]
[WhiteTitle "FM"]
[BlackTitle "FM"]
[WhiteElo "2408"]
[BlackElo "2349"]
[WhiteFideId "14618583"]
[BlackFideId "1227505"]
[EventDate "2020.05.25"]

1. e4 e6 2. d4 d5 3. Nd2 Be7 4. Bd3 c5 5. dxc5 Nf6 6. Qe2 O-O 7. Ngf3 a5 8. O-O
Na6 9. exd5 Qxd5 10. Ne4 Nxc5 11. Nxc5 Qxc5 12. Be3 Qc7 13. Rad1 Bd7 14. Bd4 Bc6
15. Ne5 Rfd8 16. c3 Bd5 17. Qe3 Qc8 18. Bb6 Rf8 19. c4 Bc6 20. a3 a4 21. Rd2 Bd8
22. Bc5 Re8 23. Bd4 Qc7 24. Rfd1 Rc8 25. Bc2 Be7 26. Bb6 Qb8 27. Rd4 Bd8 28.
Nxc6 bxc6 29. Rxd8 Rexd8 30. Rxd8+ Rxd8 31. Bxd8 Qxd8 32. Bxa4 Ng4 33. Qe2 h5
34. h3 Nh6 35. Bxc6 Nf5 36. Be4 Nd4 37. Qxh5 f5 38. Bd3 Qb8 39. b4 Qf4 40. Qe8+
Kh7 41. Qh5+ Kg8 42. Qd1 e5 43. Bf1 g5 44. b5 g4 45. hxg4 fxg4 46. Qd3 Kg7 47.
b6 Qc1 48. Qe3 1-0

[Event "Euro Online U2300 Day 1"]
[Site "chess.com INT"]
[Date "2020.05.25"]
[Round "1"]
[White "Gavriilidis, Georgios"]
[Black "Eynullayev, Altay"]
[Result "0-1"]
[BlackTitle "FM"]
[WhiteElo "2134"]
[BlackElo "2227"]
[WhiteFideId "4206894"]
[BlackFideId "13413562"]
[EventDate "2020.05.25"]

1. d4 Nf6 2. c4 g6 3. Nc3 d5 4. cxd5 Nxd5 5. e4 Nxc3 6. bxc3 Bg7 7. Bc4 c5 8.
Ne2 Nc6 9. Be3 O-O 10. O-O Qc7 11. Rc1 b6 12. Qd2 Bb7 13. Bh6 Rad8 14. Bxg7 Kxg7
15. Qe3 e6 16. h4 Qe7 17. g3 e5 18. dxc5 Na5 19. Bd5 Bxd5 20. exd5 Nc4 21. d6
Qe6 22. Qd3 bxc5 23. Rfd1 Rxd6 24. Qc2 Rfd8 25. Rxd6 Qxd6 26. Qe4 Nd2 27. Qe3
Qd5 28. c4 Nxc4 29. Qc3 Nd2 30. Qxc5 Nf3+ 31. Kf1 Qxc5 32. Rxc5 Rd1+ 33. Kg2
Ne1+ 34. Kh2 Rd2 35. Nc3 Rxf2+ 36. Kg1 Rc2 37. a4 Nd3 38. Rc7 Nc1 39. Nb5 Rxc7
40. Nxc7 a5 41. Na6 Nd3 42. Nb8 Nb2 43. Nc6 Nxa4 44. Nxa5 f5 45. Nc6 Kf6 46. Kf2
h6 47. Nb4 g5 48. hxg5+ Kxg5 49. Nc6 Kf6 50. Nb8 Nc5 51. Ke3 Kg5 52. Kf3 e4+ 53.
Kg2 h5 54. Nc6 h4 55. gxh4+ Kxh4 56. Nd4 Kg4 57. Nc2 f4 58. Kf2 Nd3+ 59. Ke2 Kg3
60. Kf1 f3 61. Ne3 Kf4 62. Nd5+ Ke5 63. Ne3 Kd4 64. Nf5+ Kc3 65. Nd6 e3 66. Ne4+
Kc2 67. Ng3 Kd1 0-1

[Event "Euro Online U2300 Day 1"]
[Site "chess.com INT"]
[Date "2020.05.25"]
[Round "1"]
[White "Andolfatto, Maria"]
[Black "Petrova, Irina"]
[Result "0-1"]
[BlackTitle "WIM"]
[WhiteElo "2002"]
[BlackElo "2087"]
[WhiteFideId "2800476"]
[BlackFideId "14124122"]
[EventDate "2020.05.25"]

1. Nf3 d5 2. c4 c6 3. g3 Nf6 4. Bg2 Bg4 5. Ne5 Bf5 6. cxd5 cxd5 7. g4 Nxg4 8.
Qa4+ Bd7 9. Nxd7 Qxd7 10. Qxd7+ Nxd7 11. Bxd5 Rc8 12. Nc3 b6 13. d3 e6 14. Bb7
Rc7 15. Bg2 a6 16. Bf4 e5 17. Bg3 Bb4 18. Rc1 O-O 19. a3 Bxc3+ 20. bxc3 f5 21.
h3 Ngf6 22. Kd2 f4 23. Bh2 Rfc8 24. c4 Nc5 25. Rb1 Nfd7 26. Bd5+ Kf8 27. e3 g5
28. h4 h6 29. hxg5 hxg5 30. d4 exd4 31. exf4 Nf6 32. fxg5 Nfe4+ 33. Ke1 Re7 34.
Rxb6 Ng3+ 35. Kd1 Nxh1 36. Bxh1 Ne4 37. Bxe4 Rxe4 38. Bd6+ Kf7 39. c5 a5 40. Ra6
d3 41. Rxa5 Re2 42. Ra7+ Kg6 43. Re7 Rxf2 44. Re3 Rh8 45. Be7 Rh1+ 46. Re1 Rxe1+
47. Kxe1 Re2+ 0-1

[Event "Euro Online U2300 Day 1"]
[Site "chess.com INT"]
[Date "2020.05.25"]
[Round "1"]
[White "Talibov, Shiroghlan"]
[Black "Martirosyan, Haik M."]
[Result "0-1"]
[BlackTitle "GM"]
[WhiteElo "2128"]
[BlackElo "2617"]
[WhiteFideId "13429078"]
[BlackFideId "13306553"]
[EventDate "2020.05.25"]

1. d4 Nf6 2. Nf3 g6 3. g3 Bg7 4. Bg2 O-O 5. O-O d6 6. c4 Nbd7 7. Nc3 c6 8. b3
Re8 9. Bb2 e5 10. dxe5 dxe5 11. Nd2 Qc7 12. Nde4 Nxe4 13. Nxe4 f5 14. Ng5 Nf8
15. e4 f4 16. h4 h6 17. Nf3 Bg4 18. Qc2 Rad8 19. Nh2 Bc8 20. Rad1 g5 21. hxg5
hxg5 22. Bf3 Bh3 23. Rxd8 Rxd8 24. Rd1 Be6 25. Bg4 Re8 26. Qd3 Bxg4 27. Nxg4 Qc8
28. Nh2 g4 29. Qd6 f3 30. Nf1 Ne6 31. Qd7 Qxd7 32. Rxd7 Nc5 33. Rd1 Nxe4 34. Ne3
Nf6 35. Nf5 Bf8 36. Re1 Nd7 37. Re4 Kf7 38. Rxg4 Nf6 39. Rh4 b5 40. Ne3 Bc5 41.
Ng4 Nxg4 42. Rxg4 b4 43. Re4 Kg6 44. Rxe5 Rxe5 45. Bxe5 Kf5 46. Bh8 Ke4 47. Kf1
Kd3 48. g4 Kc2 49. g5 Kb1 50. g6 Bf8 51. Ke1 Kxa2 52. Kd2 Kxb3 53. Kd3 Ka2 54.
Bd4 b3 55. g7 Bxg7 56. Bxg7 b2 57. Bxb2 Kxb2 58. Ke3 a5 59. Kxf3 a4 60. Ke4 a3
61. f4 a2 62. f5 a1=Q 0-1

[Event "Euro Online U2300 Day 1"]
[Site "chess.com INT"]
[Date "2020.05.25"]
[Round "1"]
[White "Bluebaum, Johanna"]
[Black "Galiana Fernandez, Adrian"]
[Result "0-1"]
[BlackTitle "FM"]
[WhiteElo "2011"]
[BlackElo "2260"]
[WhiteFideId "24647373"]
[BlackFideId "32010150"]
[EventDate "2020.05.25"]

1. d4 Nf6 2. c4 g6 3. Nc3 d5 4. cxd5 Nxd5 5. e4 Nxc3 6. bxc3 Bg7 7. Nf3 c5 8. h3
O-O 9. Be2 f5 10. e5 Qa5 11. Bd2 Nc6 12. O-O Kh8 13. Re1 b6 14. Bd3 cxd4 15.
cxd4 Qd5 16. Bc3 Bb7 17. Qe2 Rac8 18. Bc4 Nxd4 19. Bxd5 Nxe2+ 20. Rxe2 Bxd5 21.
Bb2 Rfd8 22. Nd4 Bc4 23. Ree1 e6 24. f4 Bh6 25. g3 Bf8 26. Kh2 b5 27. Red1 Kg8
28. a3 Kf7 29. g4 Bc5 30. Kg3 Rd5 31. Nf3 Rcd8 32. Rxd5 Rxd5 33. Ng5+ Kg8 34.
gxf5 Rd3+ 35. Nf3 Bd5 36. Rf1 gxf5 37. Bc1 a5 38. Bb2 a4 39. Bc1 Bxa3 40. Bxa3
Rxa3 41. Rf2 Rxf3+ 0-1

[Event "Euro Online U2300 Day 1"]
[Site "chess.com INT"]
[Date "2020.05.25"]
[Round "1"]
[White "Buksa, Nataliya"]
[Black "Toman, Jan"]
[Result "1-0"]
[WhiteTitle "IM"]
[WhiteElo "2410"]
[BlackElo "2072"]
[WhiteFideId "14123622"]
[BlackFideId "321451"]
[EventDate "2020.05.25"]

1. e4 e6 2. d4 d5 3. Nd2 c5 4. Ngf3 cxd4 5. Nxd4 Nc6 6. Bb5 Qb6 7. exd5 exd5 8.
Qe2+ Be7 9. Nxc6 bxc6 10. Bd3 Nf6 11. O-O Bg4 12. Qe5 Be6 13. Nf3 O-O 14. Ng5
Qb8 15. Qxb8 Raxb8 16. Nxe6 fxe6 17. Re1 Kf7 18. h3 Bd6 19. b3 Bb4 20. Re2 Bc3
21. Rb1 e5 22. Bd2 Bxd2 23. Rxd2 e4 24. Bf1 Rfe8 25. Rbd1 Re5 26. c4 Rbe8 27.
cxd5 cxd5 28. Rd4 R8e7 29. Rc1 e3 30. fxe3 Rxe3 31. Kf2 R3e4 32. Rcd1 Rxd4 33.
Rxd4 Re4 34. Rxe4 Nxe4+ 35. Ke3 Ke6 36. Bd3 Nf6 37. Kd4 Kd6 38. g4 h6 39. Bg6
Nd7 40. Bf7 Nb6 41. Bg8 a5 42. Bf7 g5 43. Bg8 Kc6 44. a3 Kd6 45. Bf7 Kc6 46.
Be8+ Kd6 47. b4 axb4 48. axb4 Nc4 49. Bf7 Nb6 50. Bg8 Kc6 51. Ke5 Nd7+ 52. Kf5
d4 53. Bc4 1-0

[Event "Euro Online U2300 Day 1"]
[Site "chess.com INT"]
[Date "2020.05.25"]
[Round "1"]
[White "Gaboyan, Susanna"]
[Black "Evans, Kevin"]
[Result "1-0"]
[WhiteTitle "WIM"]
[WhiteElo "2211"]
[BlackElo "2081"]
[WhiteFideId "13303627"]
[BlackFideId "1801686"]
[EventDate "2020.05.25"]

1. Nf3 d5 2. g3 Nf6 3. Bg2 g6 4. O-O Bg7 5. d3 O-O 6. Nbd2 c6 7. e4 dxe4 8. dxe4
Nbd7 9. c3 e5 10. Qe2 Qc7 11. Nc4 Re8 12. Rd1 Bf8 13. Bg5 b5 14. Ncd2 Bg7 15. h3
Nc5 16. Ne1 Ne6 17. Be3 Bb7 18. Nb3 a5 19. Nd3 Nd7 20. a4 b4 21. cxb4 Ba6 22.
Nxa5 Nd4 23. Qd2 Qd6 24. Kh2 Rab8 25. Nxe5 Bxe5 26. Bxd4 Qxb4 27. Nxc6 Qxd2 28.
Rxd2 Rb3 29. Nxe5 Nxe5 30. Ra3 Rxa3 31. bxa3 Nc4 32. Rc2 Nxa3 33. Rc6 Bd3 34.
Rc3 1-0

[Event "Euro Online U2300 Day 1"]
[Site "chess.com INT"]
[Date "2020.05.25"]
[Round "1"]
[White "Kharatyan, Roman"]
[Black "Afonasieva, Anna"]
[Result "1-0"]
[BlackTitle "WIM"]
[WhiteElo "1984"]
[BlackElo "2274"]
[WhiteFideId "13305220"]
[BlackFideId "24173606"]
[EventDate "2020.05.25"]

1. e4 c6 2. d4 d5 3. e5 Bf5 4. Nf3 e6 5. Be2 Nd7 6. Be3 Ne7 7. O-O h6 8. b3 Qc7
9. c4 Bh7 10. Nc3 a6 11. Rc1 Qa5 12. cxd5 Nxd5 13. Nxd5 cxd5 14. Bd3 Bxd3 15.
Qxd3 Ba3 16. Rc2 O-O 17. Bd2 Bb4 18. Rfc1 Nb6 19. g4 Rac8 20. Rc5 Qa3 21. Bxb4
Qxb4 22. Rc7 Qa3 23. R1c5 Rb8 24. Qc2 Nc4 25. Kg2 b6 26. R5c6 Na5 27. Rd6 Rfd8
28. Rxf7 Kxf7 29. Qc7+ Ke8 30. Rxe6+ Kf8 31. Nh4 Re8 32. Nf5 Rxe6 33. Qxb8+ Re8
34. Qc7 Re7 35. Qd8+ Re8 36. Qxb6 Kg8 37. Qg6 Re7 38. Nxh6+ Kf8 39. Qf5+ Ke8 40.
Qc8# 1-0

[Event "Euro Online U2300 Day 1"]
[Site "chess.com INT"]
[Date "2020.05.25"]
[Round "1"]
[White "Rogule, Laura"]
[Black "Ristic, Nenad"]
[Result "1-0"]
[WhiteTitle "WGM"]
[BlackTitle "GM"]
[WhiteElo "2297"]
[BlackElo "2332"]
[WhiteFideId "11601876"]
[BlackFideId "901318"]
[EventDate "2020.05.25"]

1. c4 Nf6 2. Nc3 c5 3. g3 g6 4. Bg2 Bg7 5. e4 Nc6 6. Nge2 O-O 7. O-O Ne8 8. Rb1
Nc7 9. a3 Ne6 10. b4 d6 11. f4 b6 12. f5 Ned4 13. b5 Nxe2+ 14. Nxe2 Nd4 15. f6
Nxe2+ 16. Qxe2 exf6 17. Bb2 Bb7 18. d3 Qe7 19. Qf2 a6 20. Bxf6 Bxf6 21. Qxf6
Qxf6 22. Rxf6 Rfd8 23. bxa6 Rxa6 24. Bf1 Kg7 25. Rf2 Bc6 26. Rfb2 Be8 27. Rxb6
Rxa3 28. Rb8 Ra8 29. Rxa8 Rxa8 30. Rb6 Rd8 31. Kf2 Kf6 32. Ke3 Ke5 33. Be2 h5
34. Rb7 Bd7 35. Bd1 Be6 36. Rb5 Kf6 37. Be2 Ra8 38. e5+ Ke7 39. Rb7+ Bd7 40. Bf3
Ra6 41. Bd5 dxe5 42. Bxf7 Rd6 43. Bd5 Kf6 44. Rc7 Bf5 45. Rxc5 Ra6 46. Rc6+ Rxc6
47. Bxc6 g5 48. d4 exd4+ 49. Kxd4 Ke6 50. Bd5+ Kd7 51. Ke5 Bd3 52. Kf6 h4 53.
Kxg5 hxg3 54. hxg3 Kd6 55. Kf6 Be2 56. Be6 Kc5 57. Ke5 Bd1 58. Bd5 Be2 59. Kf4
Kd6 60. g4 Bd1 61. Kf5 Bc2+ 62. Kf6 Bb1 63. g5 Kc5 64. g6 1-0

[Event "Euro Online U2300 Day 1"]
[Site "chess.com INT"]
[Date "2020.05.25"]
[Round "1"]
[White "Khazieva, Elza"]
[Black "Kocheev, Aleksandr"]
[Result "0-1"]
[WhiteTitle "WFM"]
[WhiteElo "2016"]
[BlackElo "2315"]
[WhiteFideId "4100166"]
[BlackFideId "13507842"]
[EventDate "2020.05.25"]

1. e4 e5 2. Nf3 Nc6 3. Bc4 Nf6 4. d3 Be7 5. c3 O-O 6. Bb3 d6 7. Nbd2 d5 8. O-O
Bg4 9. h3 Bh5 10. Qe2 dxe4 11. dxe4 Nd7 12. Ba4 Bd6 13. Bxc6 bxc6 14. Rd1 Qf6
15. Nc4 Nc5 16. b4 Na4 17. Rd3 Qe6 18. Ne3 Bg6 19. Ng5 Qe7 20. Nf5 Qf6 21. Qf3
Rad8 22. h4 Rfe8 23. Nh6+ Kf8 24. Nhxf7 Rd7 25. Nxd6 Rxd6 26. Ba3 Qxf3 27. Rxf3+
Kg8 28. b5 c5 29. Re3 Rd2 30. Nf3 Rc2 31. Ne1 Rxc3 32. Rxc3 Nxc3 33. Bxc5 Bxe4
34. a4 Ra8 35. f3 Bg6 36. Bb4 Nd5 37. Bc5 a6 38. bxa6 Rxa6 39. Kf2 Ra5 40. g3
Rxc5 41. a5 Rb5 42. a6 Nb6 43. a7 Na8 44. Ng2 Rb2+ 45. Kg1 Rb1+ 46. Rxb1 Bxb1
47. Ne3 Kf7 48. Nc4 Ke6 49. Kf2 Ba2 50. Na5 Bd5 51. Ke3 Kd6 52. f4 exf4+ 53.
gxf4 c5 54. Kd3 Kc7 55. Kc3 Kb6 56. Nc4+ Kxa7 57. Nd6 Nc7 58. Nf5 Ne6 59. Ne7
Nxf4 60. Nxd5 Nxd5+ 61. Kc4 Kb6 62. Kxd5 Kb5 63. Ke4 c4 64. Kd4 Kb4 65. Ke3 Kb3
66. Kd2 Kb2 0-1

[Event "Euro Online U2300 Day 1"]
[Site "chess.com INT"]
[Date "2020.05.25"]
[Round "1"]
[White "Karaoglan, Doruk"]
[Black "Usanov, Maxim"]
[Result "1-0"]
[WhiteTitle "CM"]
[WhiteElo "2230"]
[BlackElo "2093"]
[WhiteFideId "6390927"]
[BlackFideId "14112728"]
[EventDate "2020.05.25"]

1. e4 c5 2. Nc3 Nc6 3. g3 Nf6 4. Bg2 e6 5. d3 d5 6. exd5 exd5 7. Bg5 Be6 8. Nge2
d4 9. Ne4 Be7 10. Bxf6 Bxf6 11. O-O Be7 12. Nf4 Bc8 13. Qh5 g6 14. Qe2 O-O 15.
Rfe1 Re8 16. Nf6+ Bxf6 17. Qxe8+ Kg7 18. Bd5 Qc7 19. Bc4 Qd7 20. Nd5 Be5 21.
Qxd7 Bxd7 22. a4 h5 23. Bb5 Bd6 24. c4 h4 25. a5 hxg3 26. fxg3 Rh8 27. a6 b6 28.
Ne7 Nxe7 29. Bxd7 Rd8 30. Bg4 Nc6 31. Rf1 Nb4 32. Rf3 f5 33. Bh3 Nc2 34. Rc1 Ne3
35. Bf1 Be7 36. Be2 Bg5 37. Re1 Nc2 38. Ref1 Ne3 39. R1f2 Ng4 40. Rf1 Ne3 41.
Ra1 Nc2 42. Ra4 Re8 43. Bd1 Ne1 44. b4 Nxf3+ 45. Bxf3 Re3 46. Kg2 Rxd3 47. bxc5
bxc5 48. Ra5 Rd2+ 49. Kh3 Be3 50. Rxc5 Bg1 51. Rc7+ Kh6 52. Bg2 g5 53. g4 Rd3+
54. Bf3 Rxf3+ 55. Kg2 Ra3 56. Kxg1 Rxa6 57. gxf5 g4 58. Rd7 Kg5 59. Rd5 Rf6 60.
Rxd4 Rxf5 61. Kg2 Rc5 62. Kg3 a5 63. Rxg4+ Kh5 64. Rd4 Kg6 65. Kf4 a4 66. Ke4 a3
67. Kd3 a2 68. Rd6+ Kf5 69. Ra6 Rc7 70. Rxa2 Rh7 71. Re2 Rh4 72. Kc3 1-0

[Event "Euro Online U2300 Day 1"]
[Site "chess.com INT"]
[Date "2020.05.25"]
[Round "1"]
[White "Fojt, Petr"]
[Black "Misini, Burhanudin"]
[Result "1/2-1/2"]
[WhiteElo "2084"]
[BlackElo "1999"]
[WhiteFideId "386570"]
[BlackFideId "4701488"]
[EventDate "2020.05.25"]

1. e4 c5 2. Nf3 Nc6 3. d4 cxd4 4. Nxd4 e5 5. Nxc6 bxc6 6. Nc3 Nf6 7. Bd3 Bc5 8.
O-O O-O 9. Kh1 d5 10. f4 d4 11. Ne2 Re8 12. f5 Be7 13. Qe1 c5 14. b3 Bb7 15. Qg3
Bxe4 16. Bh6 Nh5 17. Qg4 Bxd3 18. cxd3 Bf6 19. Qxh5 gxh6 20. Ng3 Bg5 21. Ne4 Kh8
22. f6 Rg8 23. Rf5 Rg6 24. Raf1 Qg8 25. Rxe5 Re8 26. Rxe8 Qxe8 27. h4 Be3 28.
Qxc5 Rg4 29. g3 Qa8 30. Qh5 Rg6 31. Kh2 Qc6 32. Qc5 Qa6 33. Qc4 Qxa2+ 34. Kh3
Qe2 35. Qc8+ Rg8 36. Qf5 Qxd3 37. Nd6 Qxf5+ 38. Rxf5 Rf8 39. Rd5 Kg8 40. Nf5 h5
41. Nxd4 Bxd4 42. Rxd4 h6 43. Rd7 Rb8 44. Rxa7 Rxb3 45. Ra5 Rb6 46. Rxh5 Rxf6
47. Kg4 Kg7 48. Ra5 Rg6+ 49. Kf4 Rb6 50. g4 Kg6 51. h5+ Kf6 52. Rf5+ Kg7 53. Re5
Rb1 54. Re4 Kf6 55. Ra4 Rf1+ 56. Kg3 Rg1+ 57. Kf2 Rb1 58. Ra5 Rb3 59. Rf5+ Ke6
60. Rf3 Rb4 61. Kg3 Rb1 62. Rf2 Rg1+ 63. Kf4 Kf6 64. Rf3 Rg2 65. Ra3 Rf2+ 66.
Kg3 Rb2 67. Ra6+ Kg7 68. Kf4 Rb4+ 69. Kf5 Rb5+ 70. Kf4 Rg5 71. Rb6 Ra5 72. Rc6
Ra4+ 73. Kf5 Ra1 74. Rc4 Rf1+ 75. Ke4 Kf6 76. Rc5 Rf2 77. Ke3 Rf1 78. Ra5 Kg7
79. Rf5 Rxf5 80. gxf5 Kf6 81. Kf4 Ke7 82. Ke5 f6+ 83. Kd5 Kd7 84. Kc5 Kc7 85.
Kd5 Kd7 86. Kc5 Kc7 87. Kd5 Kd7 1/2-1/2

[Event "Euro Online U2300 Day 1"]
[Site "chess.com INT"]
[Date "2020.05.25"]
[Round "1"]
[White "Iustin, Silviu"]
[Black "Eret, Matous"]
[Result "0-1"]
[WhiteElo "1998"]
[BlackElo "2166"]
[WhiteFideId "1237071"]
[BlackFideId "364509"]
[EventDate "2020.05.25"]

1. e4 c5 2. Nc3 e6 3. g3 g6 4. Bg2 Bg7 5. b3 Ne7 6. Bb2 d6 7. Nf3 Nbc6 8. O-O
O-O 9. Na4 e5 10. Nc3 a6 11. Ne2 h6 12. c3 f5 13. exf5 Nxf5 14. d4 cxd4 15. cxd4
e4 16. Nd2 e3 17. Nc4 exf2+ 18. Rxf2 d5 19. Ne5 Ne3 20. Rxf8+ Qxf8 21. Qd2 Nxg2
22. Kxg2 Bf5 23. Rf1 Qd6 24. Rxf5 gxf5 25. Qf4 Qe6 26. Nc1 Nxe5 27. dxe5 Rc8 28.
Nd3 Rc2+ 29. Kg1 d4 30. Qxd4 Qc6 31. Nf2 Qf3 32. b4 Re2 33. Bc3 Rxf2 34. Qxf2
Qxc3 35. Qxf5 Qxe5 36. Qc8+ Bf8 37. Qxb7 Qa1+ 38. Kg2 Qxa2+ 39. Kh3 Qe6+ 40. Kg2
Be7 41. b5 Qe2+ 42. Kh3 axb5 43. Qd5+ Kg7 44. Qd4+ Bf6 45. Qd7+ Kg6 46. Qc8 Qh5+
47. Kg2 Qd5+ 48. Kf2 Qf5+ 49. Qxf5+ Kxf5 50. Ke3 b4 51. h3 b3 52. Kd3 h5 53. Kd2
Be5 54. g4+ hxg4 55. hxg4+ Kxg4 56. Kc1 Kf3 57. Kd2 Ke4 58. Kc1 Kd3 59. Kb1 b2
60. Ka2 Kc2 61. Ka3 b1=Q 62. Ka4 Qb6 0-1

[Event "Euro Online U2300 Day 1"]
[Site "chess.com INT"]
[Date "2020.05.25"]
[Round "1"]
[White "Doric, Nenad"]
[Black "Toure, Vasanth"]
[Result "1-0"]
[WhiteTitle "IM"]
[WhiteElo "2249"]
[BlackElo "2132"]
[WhiteFideId "14501694"]
[BlackFideId "26014580"]
[EventDate "2020.05.25"]

1. e4 e5 2. Nf3 Nc6 3. Nc3 Nf6 4. Bb5 Bb4 5. O-O O-O 6. d3 d6 7. Bg5 Bxc3 8.
bxc3 h6 9. Bh4 Qe7 10. Re1 a6 11. Ba4 b5 12. Bb3 Na5 13. d4 Nxb3 14. axb3 Bb7
15. Nd2 c5 16. f3 Qe6 17. d5 Qe7 18. Nf1 g5 19. Bf2 Nh5 20. Ne3 Bc8 21. c4 Bd7
22. Ra5 b4 23. Qa1 Bc8 24. c3 Rb8 25. cxb4 Rxb4 26. Qc3 Qb7 27. Rb1 Nf4 28. Qc2
Bd7 29. Be1 Rb6 30. g3 Nh5 31. Ra2 Rb8 32. Rab2 Qc8 33. Ba5 R6b7 34. b4 Bh3 35.
Qc3 g4 36. bxc5 Rxb2 37. Rxb2 Rxb2 38. Qxb2 Qxc5 39. Bb6 Qc8 40. c5 dxc5 41.
Qxe5 Qb7 42. Qe8+ Kg7 43. Qc6 Qxc6 44. dxc6 gxf3 45. Nf5+ Bxf5 46. exf5 Nf6 47.
c7 Nd5 48. c8=Q Nxb6 49. Qxc5 Nd7 50. Qd4+ Nf6 51. g4 a5 52. h4 a4 53. g5 1-0

[Event "Euro Online U2300 Day 1"]
[Site "chess.com INT"]
[Date "2020.05.25"]
[Round "1"]
[White "Koskela, Niina"]
[Black "Shishkov, Minko"]
[Result "1/2-1/2"]
[WhiteTitle "WGM"]
[WhiteElo "2197"]
[BlackElo "2268"]
[WhiteFideId "500755"]
[BlackFideId "2904624"]
[EventDate "2020.05.25"]

1. e4 d5 2. exd5 Qxd5 3. Nc3 Qd6 4. g3 g6 5. Bg2 Bg7 6. Nge2 Nh6 7. O-O Nf5 8.
d3 O-O 9. a3 Nc6 10. b4 Ncd4 11. Nxd4 Nxd4 12. Rb1 c6 13. b5 Bd7 14. bxc6 Bxc6
15. Ne4 Qd8 16. Bb2 Rc8 17. c4 b6 18. Nc3 Bxg2 19. Kxg2 Qd7 20. Nd5 e6 21. Nf4
Qc6+ 22. f3 Rfd8 23. Ne2 Rc7 24. Nxd4 Bxd4 25. Bxd4 Rxd4 26. Qe2 Rcd7 27. Rb3 h5
28. h4 Qd6 29. Rd1 Rxc4 30. dxc4 Qxd1 31. Qxd1 Rxd1 32. Rc3 Rd2+ 33. Kh3 Ra2 34.
g4 hxg4+ 35. Kxg4 Kg7 36. Kf4 Kf6 37. Kg3 e5 38. Kg4 Ke6 39. Kg3 Kf5 40. Rd3 f6
41. Rc3 Ra1 42. Rd3 Rc1 43. Rd7 Rxc4 44. Rxa7 Rc3 45. Kg2 Kf4 46. Ra4+ Kf5 47.
Rb4 Rxa3 48. Rxb6 g5 49. Rb4 gxh4 50. Rxh4 Kg5 51. Rg4+ Kf5 52. Rb4 Ra1 53. Kf2
Ra2+ 54. Kg3 Ra8 55. Kf2 Rd8 56. Ra4 Rd4 57. Ra5 Rf4 58. Ke3 Rb4 59. Ra3 Kg5 60.
Ra5 Rb3+ 61. Kf2 Kf4 62. Ra4+ Kf5 63. Rc4 Rd3 64. Ra4 Rd4 65. Ra6 Rf4 66. Ke3
Rh4 67. Rb6 Rh3 68. Kf2 Rh2+ 69. Ke3 Rg2 70. Ra6 Rb2 71. Rc6 Rb3+ 72. Kf2 Rb2+
73. Ke3 Rb3+ 74. Kf2 Kf4 75. Rc4+ Kf5 76. Ra4 Rc3 77. Rb4 Rc2+ 1/2-1/2

[Event "Euro Online U2300 Day 1"]
[Site "chess.com INT"]
[Date "2020.05.25"]
[Round "1"]
[White "Stefan, Romulus-Cristian"]
[Black "Molina, Fabrizio"]
[Result "1-0"]
[WhiteTitle "CM"]
[BlackTitle "FM"]
[WhiteElo "2151"]
[BlackElo "2181"]
[WhiteFideId "1232835"]
[BlackFideId "805637"]
[EventDate "2020.05.25"]

1. d4 d6 2. c4 e5 3. Nf3 exd4 4. Nxd4 g6 5. Nc3 Bg7 6. g3 Ne7 7. Bg2 O-O 8. O-O
Nbc6 9. Nf3 Ne5 10. Nxe5 dxe5 11. Qb3 c6 12. Bg5 h6 13. Rad1 Qc7 14. Be3 Be6 15.
Bc5 Rfe8 16. Ne4 b5 17. Qa3 Bxc4 18. Rfe1 Nf5 19. b3 Bd5 20. e3 a5 21. Nd6 Nxd6
22. Bxd6 Qb7 23. e4 Be6 24. Qc5 Bf8 25. Bxf8 Rxf8 26. Qxe5 Rad8 27. Qf6 Qb6 28.
h4 h5 29. e5 c5 30. Be4 Rxd1 31. Rxd1 Re8 32. Rd6 Qc7 33. Bxg6 fxg6 34. Qxg6+
Kf8 35. Rxe6 Rxe6 36. Qxe6 c4 37. bxc4 bxc4 38. Qh6+ Kg8 39. Qg5+ Kf8 40. Qf4+
Kg8 41. Qg5+ Kf8 42. e6 c3 43. Qf6+ Ke8 44. e7 Qxe7 45. Qxc3 Qh7 46. Qc8+ 1-0

[Event "Euro Online U2300 Day 1"]
[Site "chess.com INT"]
[Date "2020.05.25"]
[Round "1"]
[White "Skatchkov, Valery"]
[Black "Pavlidis, Anastasios"]
[Result "1-0"]
[WhiteTitle "FM"]
[BlackTitle "IM"]
[WhiteElo "2242"]
[BlackElo "2333"]
[WhiteFideId "24195812"]
[BlackFideId "4208404"]
[EventDate "2020.05.25"]

1. d4 Nf6 2. c4 g6 3. Nf3 Bg7 4. g3 O-O 5. Bg2 d6 6. O-O Nbd7 7. Nc3 e5 8. e4 c6
9. h3 Qb6 10. c5 dxc5 11. dxe5 Ne8 12. Bf4 Nc7 13. Na4 Qa6 14. Rc1 Ne6 15. Be3
Nxe5 16. Nxe5 Bxe5 17. Nxc5 Nxc5 18. Bxc5 Re8 19. Bd4 Bxd4 20. Qxd4 Qxa2 21. f4
Qe6 22. Rcd1 Qe7 23. f5 b6 24. f6 Qf8 25. e5 Ba6 26. Rfe1 Rad8 27. Qf4 Rxd1 28.
Rxd1 h6 29. Rd6 Bb5 30. Bxc6 Bxc6 31. Rxc6 Rd8 32. Rd6 Rc8 33. b4 g5 34. Qe4
Rc1+ 35. Kg2 Qc8 36. Rd2 Rc4 37. Qb1 g4 38. e6 gxh3+ 39. Kh2 Rc6 40. e7 Qe8 41.
Rd8 Rc8 42. Rxe8+ Rxe8 43. Qe4 Kh8 44. Qg4 Rg8 45. Qxg8+ Kxg8 46. e8=Q+ Kh7 47.
Qxf7+ Kh8 48. Qg7# 1-0

[Event "Euro Online U2300 Day 1"]
[Site "chess.com INT"]
[Date "2020.05.25"]
[Round "1"]
[White "Stepanov, Artem"]
[Black "Kollar, Romain"]
[Result "0-1"]
[WhiteElo "1622"]
[BlackElo "2205"]
[WhiteFideId "34253769"]
[BlackFideId "36017981"]
[EventDate "2020.05.25"]

1. e4 c5 2. Nf3 d6 3. d4 cxd4 4. Nxd4 Nf6 5. Nc3 g6 6. Be2 Bg7 7. O-O O-O 8. Be3
Nc6 9. f3 Qb6 10. Na4 Qa5 11. Nxc6 bxc6 12. Nc3 Rb8 13. Rb1 Ba6 14. Bxa6 Qxa6
15. Qd3 Qa5 16. a3 Nd7 17. b4 Qc7 18. f4 a5 19. b5 cxb5 20. Nd5 Qd8 21. Rxb5
Rxb5 22. Qxb5 e6 23. Nb6 Nxb6 24. Bxb6 Qa8 25. Re1 Rb8 26. Kf1 Bd4 27. Qxa5 Bxb6
28. Qg5 Qa6+ 29. Re2 Bd4 30. Ke1 Qc6 31. Qg3 Qc5 32. Kd2 Rb2 33. f5 Qxc2+ 0-1